| 000 | 00304nam a2200109Ia 4500 | ||
|---|---|---|---|
| 008 | 230907s9999||||xx |||||||||||||| ||und|| | ||
| 082 |
_a152.4 _bING |
||
| 245 | 0 | _aUnderstanding emotions in social work : | |
| 260 |
_aMcGraw-Hill, Open University Press, _bEngland : _c2015 |
||
| 300 | _a156 p. | ||
| 942 | _cBK | ||
| 999 |
_c601167 _d601167 |
||